| 000 | 01170cam a22003257a 4500 | ||
|---|---|---|---|
| 003 | CHAP | ||
| 005 | 20220329141133.0 | ||
| 008 | 971010s1983 r 00010 d | ||
| 010 | _a63180 | ||
| 011 | _a64152 | ||
| 035 | _a69396 | ||
| 040 | _cCHAP | ||
| 082 |
_a530 _bA3 |
||
| 100 | 0 | 0 |
_aAguilar Guillermo, Adrian. _92723 |
| 245 | 1 | 3 | _aLa física contemporánea |
| 260 |
_aMéxico, D. F. : _bUNAM. Coordinación de la Investigación Científica, _c1983 |
||
| 300 |
_a224 p. _b: ilus. |
||
| 490 | 4 |
_aLas ciencias en el siglo XX _v; 2 |
|
| 590 |
_aBATCH-UPD _b10 _c20130110 _lUCH01 _h0453 |
||
| 590 |
_aBATCH-UPD _b10 _c20130410 _lUCH01 _h0131 |
||
| 590 |
_aBATCH-UPD _b10 _c20130914 _lUCH01 _h1422 |
||
| 590 |
_aCONVERSION _b10 _c20130109 _lUCH01 _h1334 |
||
| 650 | 1 | 4 |
_aFísica. _941975 |
| 710 | 0 |
_aUniversidad Nacional Autónoma de México. Coordinación de Investigación Científica. _9116505 |
|
| 830 | 4 |
_aLas ciencias en el siglo XX _v; 2 _965002 |
|
| 901 | _aBK | ||
| 942 | _cLIBRO | ||
| 949 |
_a530 A3 _bBC _cLIBRO _d33724000822078 _eLIBRO _gI. c.e _h68082 _i69396 _si _t375.00 |
||
| 949 |
_a530 A3 _bBC _cLIBRO _d33724000902722 _eLIBRO _fc.2 _gI. c/e _h68083 _i69396 _si _t375.00 |
||
| 999 |
_c63180 _d63180 |
||